[Event "RUS-ch Girls U21 2021"]
[Site "Loo"]
[Date "2021.04.28"]
[Round "8.3"]
[White "Stroganova, Karina"]
[Black "Nosacheva, Mariya"]
[Result "0-1"]
[WhiteElo "1731"]
[BlackElo "2199"]
[Annotator "RC"]
[PlyCount "60"]
[EventDate "2021.04.21"]
[EventType "swiss"]
[EventCountry "RUS"]
[SourceTitle "playchess.com"]
[Source "ChessBase"]
[SourceQuality "1"]
[TimeControl "40/5400+30:1800+30"]

1. b3 {[%emt 0:00:00]} e5 {[%emt 0:01:03]} 2. Bb2 {[%emt 0:00:00]} Nc6 {[%emt 0:00:10]} 3. e3 {[%emt 0:00:34]} d6 {[%emt 0:18:02]} 4. c4 {[%emt 0:10:24]} f5 {[%emt 0:02:10]} 5. f4 {[%emt 0:10:02]} Nf6 {[%emt 0:03:54]} 6. Ne2 {[%emt 0:03:33]} Nb4 {[%emt 0:10:09]} 7. d3 {[%emt 0:03:43]} Ng4 {[%emt 0:02:21]} 8. Qd2 {[%emt 0:01:52]} Nxe3 {[%emt 0:01:55]} 9. Na3 {[%emt 0:01:17]} Nxf1 {[%emt 0:00:16]} 10. Rxf1 {[%emt 0:00:32]} Nc6 {[%emt 0:01:01]} 11. O-O-O {[%emt 0:06:09]} Be7 {[%emt 0:04:15]} 12. d4 {[%emt 0:08:33]} exd4 {[%emt 0:00:45]} 13. Nxd4 {[%emt 0:00:51]} O-O {[%emt 0:00:15]} 14. Nab5 {[%emt 0:04:27]} Nxd4 {[%emt 0:09:21]} 15. Nxd4 {[%emt 0:01:15]} a5 {[%emt 0:00:14]} 16. Rf3 {[%emt 0:05:20]} Bf6 {[%emt 0:02:22]} 17. Re1 {[%emt 0:11:53]} a4 {[%emt 0:04:02]} 18. Ne6 {[%emt 0:03:21]} Bxe6 {[%emt 0:00:09]} 19. Rxe6 {[%emt 0:00:11]} axb3 {[%emt 0:00:53]} 20. axb3 {[%emt 0:07:32]} Bxb2+ {[%emt 0:02:32]} 21. Kxb2 {[%emt 0:00:54]} Kh8 {[%emt 0:02:39]} 22. Qd5 {[%emt 0:01:44]} c6 {[%emt 0:05:53]} 23. Qd2 {[%emt 0:01:45]} d5 {[%emt 0:05:50]} 24. cxd5 {[%emt 0:00:28]} cxd5 {[%emt 0:00:10]} 25. Rd3 {[%emt 0:00:25]} Qc8 {[%emt 0:01:38]} 26. Qe3 {[%emt 0:01:32]} Qd8 {[%emt 0:02:30]} 27. Qd2 {[%emt 0:01:02]} Ra5 {[%emt 0:00:35]} 28. Re5 {[%emt 0:00:17]} Qa8 {[%emt 0:00:11]} 29. Qc3 {[%emt 0:02:13]} Ra1 {[%emt 0:01:17]} 30. Qb4 {[%emt 0:03:23]} Rc8 {[%emt 0:00:26]} 0-1

[Event "RUS-ch Girls U21 2021"]
[Site "Loo"]
[Date "2021.04.28"]
[Round "8.4"]
[White "Garmash, Aliona"]
[Black "Nasyrova, Ekaterina"]
[Result "0-1"]
[WhiteElo "2120"]
[BlackElo "2273"]
[Annotator "TA"]
[PlyCount "54"]
[EventDate "2021.04.21"]
[EventType "swiss"]
[EventCountry "RUS"]
[SourceTitle "playchess.com"]
[Source "ChessBase"]
[SourceQuality "1"]

{[%evp 25,54,29,29,32,29,29,41,35,43,42,52,-41,-37,-44,-42,-65,0,0,0,0,0,0,7,-451,-186,-1365,-1356,-1318,-1304,-1203,-1178]} 1. d4 d5 2. c4 e6 3. Nc3 Nf6 4. cxd5 exd5 5. Bg5 c6 6. e3 Be7 7. Qc2 O-O 8. Bd3 Nbd7 9. Nf3 Re8 10. O-O h6 11. Bh4 Ne4 12. Bxe4 Bxh4 13. Bh7+ Kh8 14. Nxh4 {D36: Queen's Gambit Declined: Exchange Variation: Main line (5 Bg5 c6 6 Qc2).} Qxh4 15. Bd3 Nf6 16. b4 {[%cal Bb2b4,Bb4b5][%mdl 32] White is slightly better.} Bd7 17. b5 Rac8 {[#]} 18. Qd2 $146 ({Better is} 18. bxc6 $14 Bxc6 19. Qb3) ({Predecessor:} 18. bxc6 Rxc6 19. Qd2 Ng4 20. h3 Nf6 21. Ne2 Ne4 22. Bxe4 Qxe4 23. Rfc1 Rc4 24. Qb2 {½-½ (41) Crabb,N (2300)-Genga,S (2409) ICCF email 2014}) 18... c5 $1 $15 19. dxc5 Rxc5 {And now ...d4 would win.} 20. Ne2 Ng4 (20... Bxb5 $15 21. Bxb5 Rxb5) 21. h3 $11 Ne5 22. Nd4 Bxh3 23. gxh3 Qxh3 24. Rfe1 $2 {[%mdl 8192] [#] This move loses the game for White.} (24. Rfc1 $11 {and White has nothing to worry.} Nxd3 25. Qxd3) 24... Re6 $1 $40 {[%mdl 640] Black wants a kill.} 25. Bb1 $2 (25. Rac1 Nxd3 26. Nxe6 (26. Qxd3 $2 Rc4 $19) 26... Nxe1 27. Qxe1 Qg4+ 28. Kh1 Qf3+ 29. Kg1 Rxc1 30. Qxc1 Qg4+ 31. Kh2 Qxe6 32. Qc5) 25... Rc4 $19 {( -> ...Nf3+!). Black is clearly winning.} 26. f4 {[#]} Rxd4 $1 {[%mdl 512]} 27. Qg2 Nf3+ {[%mdl 64] Double Attack.  Weighted Error Value: White=0.90/Black=0.47} 0-1

[Event "RUS-ch Girls U21 2021"]
[Site "Loo"]
[Date "2021.04.28"]
[Round "8.5"]
[White "Shafigullina, Zarina"]
[Black "Badmaeva, Baina"]
[Result "1-0"]
[WhiteElo "2293"]
[BlackElo "1751"]
[Annotator "TA"]
[PlyCount "83"]
[EventDate "2021.04.21"]
[EventType "swiss"]
[EventCountry "RUS"]
[SourceTitle "playchess.com"]
[Source "ChessBase"]
[SourceQuality "1"]

{[%evp 22,83,100,99,91,85,103,64,69,63,67,64,105,74,108,68,127,122,130,124,122,49,66,20,23,0,76,36,529,506,541,533,1215,1192,1158,1052,1114,1100,1086,1080,1456,1433,1491,1246,1361,1140,1114,1110,1109,1109,1495,1454,1467,1285,1597,1346,6275,6191,29979,29980,29979,29980,5297,5293]} 1. d4 Nf6 2. c4 d6 3. Nf3 g6 4. g3 Bg7 5. Bg2 O-O 6. Nc3 c6 7. O-O Nbd7 8. h3 e5 9. e4 exd4 10. Nxd4 Ne5 11. b3 Qc7 12. Be3 Re8 {E68: King's Indian: Fianchetto: 6...Nbd7 7 0-0 e5 8 e4.} 13. Qc2 Rb8 14. Rac1 a6 {White is slightly better.} 15. a4 c5 16. Nde2 {[#]} Bd7 $146 ({Predecessor:} 16... b6 17. Rfd1 Bb7 18. Qd2 Rbd8 19. Bg5 Qb8 20. g4 Rd7 21. Nd5 Nxd5 22. exd5 f6 {½-½ (53) Pavlov,S (2490)-Savenkov,K (2331) Moscow 2015}) 17. Rfd1 Rbd8 18. Bg5 {Hoping for Bxf6.} Be6 (18... Qb8 $14) 19. f4 $16 Nc6 20. f5 Nb4 {[#]} 21. Qb1 (21. Qd2 $1 $16 gxf5 22. exf5 Bxf5 23. Rf1) 21... Bd7 $14 22. Rf1 {And now fxg6 would win.} gxf5 23. exf5 (23. Nf4 {is interesting.} Rc8 24. exf5 Bc6 25. Rfe1 Qd7 26. g4) 23... Re5 (23... Bc6 $11) 24. Ne4 $36 {[%mdl 2048] White fights for an advantage.} Bxf5 $2 {[%mdl 8192] This move loses the game for Black.} (24... Nxe4 $14 25. Bxd8 Qxd8 26. Bxe4 Qg5) 25. Bxf6 $18 Bxe4 26. Bxd8 Bxg2 27. Bxc7 Rxe2 28. Rf2 Bd4 29. Kxg2 Rxf2+ 30. Kh1 Na2 31. Re1 Nc3 32. Qd3 f5 33. h4 Ne4 34. Rxe4 fxe4 35. Qxe4 Rf1+ 36. Kg2 Rf2+ 37. Kh3 Kg7 38. Bxd6 Rf6 39. Qxb7+ {[%mdl 64] [#] Double Attack} Kg6 40. Qe4+ Kg7 41. Be5 Bxe5 42. Qxe5 {Weighted Error Value: White=0.19/Black=0.70} 1-0

[Event "RUS-ch Girls U21 2021"]
[Site "Loo"]
[Date "2021.04.28"]
[Round "8.6"]
[White "Pankova, Julia"]
[Black "Filippova, Darya"]
[Result "1-0"]
[WhiteElo "1884"]
[BlackElo "1915"]
[Annotator "TA"]
[PlyCount "87"]
[EventDate "2021.04.21"]
[EventType "swiss"]
[EventCountry "RUS"]
[SourceTitle "playchess.com"]
[Source "ChessBase"]
[SourceQuality "1"]

{[%evp 24,87,10,7,26,16,20,0,14,18,30,12,0,-9,35,40,382,377,380,361,368,375,378,372,352,331,306,295,300,306,285,289,285,287,384,352,376,352,344,330,367,264,245,235,329,280,474,449,597,584,568,505,479,472,468,416,452,294,508,367,29988,29954,29995,29996,29996,29997]} 1. e4 e5 2. Nf3 Nf6 3. Nxe5 d6 4. Nf3 Nxe4 5. d4 d5 6. Bd3 Bd6 7. c4 c6 8. O-O O-O 9. Nc3 Nxc3 10. bxc3 Bg4 11. h3 Bh5 12. Rb1 dxc4 13. Bxc4 b5 {C42: Petroff Defence: 3 Nxe5 and unusual White 3rd moves.} 14. Be2 Re8 15. Be3 {[#]} Bc7 $146 {The position is equal.} ({Predecessor:} 15... Nd7 16. d5 cxd5 17. Qxd5 Nf6 18. Qxb5 Nd5 19. Kh1 Nxe3 20. fxe3 Bg6 21. Rbd1 Rxe3 22. Bc4 Qe7 23. Qc6 Rd8 24. Rfe1 Be4 25. Rxe3 Bxc6 26. Rxe7 Bxe7 27. Rxd8+ {½-½ (27) Filippov,A (2615)-Citak,S (2340) Kocaeli 2014}) 16. Re1 a6 17. Ne5 Bxe2 18. Rxe2 Bxe5 19. dxe5 Nd7 $2 {[%mdl 8192] [#] Black cannot hold the game after this.} (19... Qe7 $14) 20. Rd2 $18 Re7 21. Bg5 ({Resist} 21. Bc5 Rxe5 22. Rxd7 Re1+ 23. Qxe1 Qxd7 $18) 21... Ra7 22. Qg4 h6 23. Bxe7 Qxe7 24. Rbd1 {[%cal Rd2d7]} Nxe5 25. Rd8+ Kh7 26. Qe4+ Ng6 27. Qxc6 Qe2 28. Qe8 {[%csl Gd8][%cal Re8g8] [#]} Ne5 29. Qg8+ Kg6 30. R8d6+ f6 31. R6d2 Qe4 32. Qd5 Qf5 33. Qd8 Qe4 34. Qd4 Qa8 (34... Qxd4 35. Rxd4 h5) 35. f4 Rd7 36. Qe3 ({Not} 36. fxe5 Rxd4 37. cxd4 Qd5 $16) 36... Rxd2 37. Qxd2 {[%mdl 4096] Endgame KQR-KQN} Nc4 38. Qd3+ f5 39. Qd5 Qe8 40. Kh2 Qe2 $2 (40... Ne3 {keeps fighting.} 41. Re1 Nxd5 42. Rxe8 Nxf4) 41. Qf3 Qxa2 (41... Qxf3 $18 42. gxf3 a5) 42. Rd7 {White mates.} Qc2 43. Qg3+ Kh5 44. Rxg7 {Weighted Error Value: White=0.23/Black=0.80} 1-0

[Event "RUS-ch Girls U21 2021"]
[Site "Loo"]
[Date "2021.04.28"]
[Round "8.7"]
[White "Zotova, Anastasia"]
[Black "Shvedova, Alexandra"]
[Result "1-0"]
[WhiteElo "2160"]
[BlackElo "2000"]
[Annotator "TA"]
[PlyCount "57"]
[EventDate "2021.04.21"]
[EventType "swiss"]
[EventCountry "RUS"]
[SourceTitle "playchess.com"]
[Source "ChessBase"]
[SourceQuality "1"]

{[%evp 9,57,0,38,14,15,22,70,58,164,159,219,156,153,160,160,150,152,152,154,150,110,7,6,9,6,12,32,51,34,52,62,32,93,88,77,92,272,267,294,292,527,533,1652,1621,1537,1516,29994,29994,29994,29995]} 1. d4 Nf6 2. Bf4 d5 3. e3 c5 4. Nf3 Nc6 5. Nbd2 Bf5 6. dxc5 {D02: 1 d4 d5 2 Nf3 sidelines, including 2...Nf6 3 g3 and 2...Nf6 3 Bf4.} e6 $1 7. Nd4 Bg6 8. Bb5 {White is slightly better.} Rc8 (8... Qc8 $14) 9. b4 $1 $18 {[#]} Qe7 $146 (9... Nh5 $16 10. Be5 Qd7) ({Predecessor:} 9... Nd7 10. Nxc6 bxc6 11. Ba6 Ra8 12. Bb7 e5 13. Bg3 a5 14. Bxc6 axb4 15. Nf3 Bxc5 16. Nxe5 {1-0 (84) Praggnanandhaa,R (2608)-Pranesh,M (2437) chess24.com INT 2021}) 10. Nxc6 bxc6 11. Ba6 Rd8 12. Be5 Ne4 13. Nxe4 Bxe4 14. f3 Qg5 {[#]} 15. Bg3 ({But not} 15. fxe4 Qxe5 16. Qd4 Qxd4 $11) (15. Qd4 $1 $16 Qxg2 {[%mdl 64] Double Attack} 16. Rf1 Bxf3 17. Bg3) 15... Qxe3+ $11 16. Kf1 Bg6 17. Bb7 Kd7 18. Rb1 {[%cal Ba1b1,Bb1b3,Bb3a3][%mdl 32] And now Rb3 would win.} Qc3 19. Rb3 $1 {[%cal Rb3c3]} Qc4+ ({Don't blunder} 19... Qxc2 $2 20. Qxc2 Bxc2 21. Ra3 $18) 20. Qe2 Bxc2 (20... e5 $14) 21. Qxc4 $16 dxc4 {[#]} 22. Ra3 $36 {[%mdl 2048] Black is under strong pressure.} Ke7 $2 {A mistake that costs the game.} (22... e5 $16) 23. Bxc6 $18 {Hoping for Bh4+.} Rd1+ 24. Be1 g6 $2 (24... Bd3+ {was called for.} 25. Kf2 e5) 25. Ke2 {Black must now prevent Bh4+.} f6 26. Rxa7+ Kd8 {[#]} 27. Bg3 $1 {[%mdl 512] Threatening mate with Bc7+.} Rxh1 (27... e5 28. Rxd1+) 28. Bc7+ Kc8 29. Bb6 {[%cal Ra7a8] Weighted Error Value: White=0.10/Black=0.83} 1-0

[Event "RUS-ch Girls U21 2021"]
[Site "Loo"]
[Date "2021.04.28"]
[Round "8.8"]
[White "Bogdanova, Darya"]
[Black "Kochukova, Anna"]
[Result "0-1"]
[WhiteElo "1762"]
[BlackElo "2108"]
[Annotator "TA"]
[PlyCount "76"]
[EventDate "2021.04.21"]
[EventType "swiss"]
[EventCountry "RUS"]
[SourceTitle "playchess.com"]
[Source "ChessBase"]
[SourceQuality "1"]

{[%evp 13,76,14,22,-20,-10,-29,-35,-39,-29,-26,-25,-84,-60,-102,-24,-53,-18,-83,-16,-32,-25,-19,0,-41,37,34,28,51,81,52,55,41,50,57,35,34,76,52,78,73,109,107,109,83,56,60,71,38,44,50,41,18,107,109,134,75,90,99,134,119,110,0,224,-915,-859]} 1. d4 Nf6 2. c4 e6 3. g3 d5 4. Nf3 Be7 5. Bg2 O-O 6. Qc2 b6 7. O-O {7.cxd5 might become the main line.} Bb7 8. Nbd2 {E17: Queen's Indian: 4 g3 Bb7 5 Bg2 Be7.} Na6 9. Ne5 c5 {[#]} 10. e3 $146 {Black is slightly better.} ({Predecessor:} 10. dxc5 Nxc5 11. b4 Nce4 12. Nxe4 Nxe4 13. cxd5 exd5 14. Nc6 Bxc6 15. Bxe4 dxe4 16. Qxc6 Bxb4 17. Qxe4 {½-½ (17) Iagar,R (2136)-Pastor Alonso de Prado,E (2141) Madrid 2016}) 10... Rc8 11. b3 Qc7 12. Ndf3 (12. Bb2 $11 {keeps the balance.}) 12... Ne4 13. dxc5 Bxc5 (13... Nexc5 $17 14. Bb2 f6) 14. Bb2 Rfd8 15. Qe2 (15. cxd5 $11 {remains equal.} Bxd5 16. Qe2) 15... dxc4 (15... f6 $17 16. Nd3 dxc4 17. bxc4 e5) 16. Nxc4 Nb4 17. Rfd1 Nd5 {aiming for ...b5.} 18. Rac1 Qe7 ({Black should play} 18... b5 $1 $15 19. Nfd2 Nxf2 $1 20. Qxf2 bxc4 21. Nxc4 Nb4) 19. Nfe5 Ndf6 20. Nd3 Bd5 21. f3 Bxc4 22. bxc4 Nd6 23. Nxc5 bxc5 24. e4 {Threatens to win with e5.} e5 25. f4 (25. Bh3 {seems wilder.} Rb8 26. Bc3 Nde8 27. Rxd8 Rxd8 28. Ba5) 25... exf4 26. gxf4 Nfxe4 {[#]} 27. Rxd6 $1 {[%mdl 512]} Rxd6 28. Qxe4 (28. Bxe4 {with more complications.} Rg6+ 29. Kh1 Re8 30. Re1 Re6 31. Qg2) 28... Re6 29. Qd3 Re3 30. Qd2 $40 {[%mdl 128] Strongly threatening Be5. White is up to no good.} (30. Qd1 {looks sharper.} Rd8 31. Bd5 Kh8 32. Bc3 Re2 33. Be5) 30... Re2 31. Qc3 {[%csl Gb2][%cal Rc3g7]} f6 32. Bd5+ Kf8 {[#]} (32... Kh8 $11) 33. Rf1 $1 $16 Rb8 34. Ba3 ({White should try} 34. Bc1) 34... Rxa2 35. Qh3 h6 36. Bc1 {[%mdl 1024] White has strong compensation.} a5 {[#]} 37. Qd3 (37. Be3 $1 $16) 37... Rd8 $2 (37... Qe2 $11 {and Black has nothing to worry.} 38. Qh3 Ra1) 38. Qh7 $4 {[%mdl 8192] [#]} (38. Bd2 $18) 38... Rxd5 $1 {[%mdl 512] Weighted Error Value: White=0.46/Black=0.33} 0-1

[Event "RUS-ch Girls U21 2021"]
[Site "Loo"]
[Date "2021.04.28"]
[Round "8.9"]
[White "Serditykh, Olesya"]
[Black "Gelman, Inna"]
[Result "1-0"]
[WhiteElo "1961"]
[BlackElo "1801"]
[Annotator "TA"]
[PlyCount "34"]
[EventDate "2021.04.21"]
[EventType "swiss"]
[EventCountry "RUS"]
[SourceTitle "playchess.com"]
[Source "ChessBase"]
[SourceQuality "1"]

{[%evp 12,19,31,27,35,39,432,430,436,439]} 1. d4 d5 2. Nf3 Nf6 3. c4 e6 4. Nc3 Nbd7 5. Bf4 Bd6 6. Bg5 Bb4 7. e3 h6 {D38: Queen's Gambit Declined: Ragozin Defence (4 Nf3 Bb4).} 8. Bxf6 Nxf6 {[%mdl 8192]} (8... Bxc3+ $14 9. bxc3 Nxf6) 9. Qa4+ $18 {[%mdl 64] [#] Double Attack} c6 10. Qxb4 {[#] Black did not feel at home in the position after the opening.  Weighted Error Value: White=0.00/Black=2.00} {Predecessor:} Qc7 $146 11. cxd5 exd5 12. Bd3 Be6 13. O-O O-O-O 14. a4 g5 15. a5 h5 16. a6 b6 17. Nb5 Qb8 {1-0 (23) Shigueo Ueti,S (2096)-Germano,J (1535) Cordeiropolis 2017} 1-0

[Event "RUS-ch Girls U21 2021"]
[Site "Loo"]
[Date "2021.04.28"]
[Round "8.10"]
[White "Koroleva, Evgeniya"]
[Black "Emelyanova, Victoria"]
[Result "0-1"]
[WhiteElo "1884"]
[BlackElo "1765"]
[Annotator "NA RC"]
[PlyCount "176"]
[EventDate "2021.04.21"]
[EventType "swiss"]
[EventCountry "RUS"]
[SourceTitle "playchess.com"]
[Source "ChessBase"]
[SourceQuality "1"]
[TimeControl "40/5400+30:1800+30"]

1. d4 {[%emt 0:00:00]} d5 {[%emt 0:00:11]} 2. c4 {[%emt 0:00:00]} e6 {[%emt 0:00:03]} 3. Nc3 {[%emt 0:00:00]} a6 {[%emt 0:00:05]} 4. cxd5 {[%emt 0:00:00]} exd5 {[%emt 0:00:04]} 5. Nf3 {[%emt 0:01:23]} Nf6 {[%emt 0:00:47]} 6. Bg5 {[%emt 0:00:10]} Be7 {[%emt 0:01:30]} 7. e3 {[%emt 0:00:17]} Be6 {[%emt 0:01:02]} 8. Bd3 {[%emt 0:04:23]} Nbd7 {[%emt 0:02:06]} 9. Rc1 {[%emt 0:03:42]} h6 {[%emt 0:00:55]} 10. Bh4 {[%emt 0:00:21]} O-O {[%emt 0:02:31]} 11. O-O {[%emt 0:00:34]} c6 {[%emt 0:03:11]} 12. Re1 {[%emt 0:01:54]} Re8 {[%emt 0:01:53]} 13. a3 {[%emt 0:02:04]} Rc8 {[%emt 0:02:18]} 14. Qb3 {[%emt 0:01:03]} Qb6 {[%emt 0:02:57]} 15. Qc2 {[%emt 0:01:39]} Qa5 {[%emt 0:02:34]} 16. Qb1 {[%emt 0:01:04]} Bd6 {[%emt 0:07:38]} 17. Nd2 {[%emt 0:03:43]} Qc7 {[%emt 0:04:05]} 18. Bg3 {[%emt 0:00:25]} Bxg3 {[%emt 0:00:07]} 19. hxg3 {[%emt 0:00:05]} Qd6 {[%emt 0:02:45]} 20. Rcd1 {[%emt 0:04:35]} Bg4 {[%emt 0:04:13]} 21. f3 {[%emt 0:05:35]} Be6 {[%emt 0:05:44]} 22. Nf1 {[%emt 0:01:16]} Rcd8 {[%emt 0:04:37]} 23. Kf2 {[%emt 0:05:08]} c5 {[%emt 0:06:58]} 24. dxc5 {[%emt 0:00:33]} Nxc5 {[%emt 0:01:21]} 25. Bc2 {[%emt 0:00:16]} Qc7 {[%emt 0:07:54]} 26. Rd4 {[%emt 0:03:21]} Re7 {[%emt 0:05:35]} 27. Red1 {[%emt 0:00:56]} Rde8 {[%emt 0:00:59]} 28. Ne2 {[%emt 0:01:21]} Bd7 {[%emt 0:02:11]} 29. R4d2 {[%emt 0:07:05]} Bb5 {[%emt 0:03:07]} 30. b3 {[%emt 0:08:47]} Ne6 {[%emt 0:08:14]} 31. Bd3 {[%emt 0:07:06]} Bxd3 {[%emt 0:02:43]} 32. Rxd3 {[%emt 0:00:33]} Nc5 {[%emt 0:03:47]} 33. R3d2 {[%emt 0:01:19]} Qe5 {[%emt 0:02:49]} 34. Nf4 {[%emt 0:10:23]} Rd7 {[%emt 0:02:45]} 35. Qb2 {[%emt 0:03:03]} Qxb2 {[%emt 0:04:11]} 36. Rxb2 {[%emt 0:00:06]} g5 {[%emt 0:01:58]} 37. Ne2 {[%emt 0:01:05]} Rde7 {[%emt 0:01:27]} 38. Nd4 {[%emt 0:00:37]} Kh7 {[%emt 0:00:44]} 39. g4 {[%emt 0:05:14]} Kg6 {[%emt 0:00:46]} 40. Ne2 {[%emt 0:00:00]} b6 {[%emt 0:00:00]} 41. Nc3 {[%emt 0:09:38]} Re5 {[%emt 0:06:40]} 42. b4 {[%emt 0:01:44]} Ne6 {[%emt 0:01:44]} 43. Rbd2 {[%emt 0:01:53]} Nc7 {[%emt 0:02:52]} 44. Na4 {[%emt 0:03:28]} R5e6 {[%emt 0:02:13]} 45. Rc2 {[%emt 0:01:18]} Nb5 {[%emt 0:02:12]} 46. Rd3 {[%emt 0:00:30]} Rd8 {[%emt 0:03:15]} 47. Rcd2 {[%emt 0:01:18]} Red6 {[%emt 0:02:04]} 48. Ng3 {[%emt 0:01:40]} Re6 {[%emt 0:04:19]} 49. Ne2 {[%emt 0:03:15]} Rde8 {[%emt 0:01:10]} 50. Rd1 {[%emt 0:09:20]} Kg7 {[%emt 0:02:22]} 51. Ng3 {[%emt 0:03:54]} Kg6 {[%emt 0:01:21]} 52. Ne2 {[%emt 0:02:52]} Kg7 {[%emt 0:00:24]} 53. Nb2 {[%emt 0:01:19]} Rc8 {[%emt 0:06:27]} 54. a4 {[%emt 0:03:37]} Nd6 {[%emt 0:00:13]} 55. Nd4 {[%emt 0:01:04]} Re7 {[%emt 0:00:26]} 56. b5 {[%emt 0:05:59]} axb5 {[%emt 0:00:04]} 57. Rb3 {[%emt 0:00:01]} Kg6 {[%emt 0:01:08]} 58. axb5 {[%emt 0:01:47]} Rec7 {[%emt 0:00:45]} 59. Na4 {[%emt 0:01:36]} Nd7 {[%emt 0:00:24]} 60. Ne2 {[%emt 0:01:41]} Nc5 {[%emt 0:00:28]} 61. Rxd5 {[%emt 0:00:43]} Nxb3 {[%emt 0:00:19]} 62. Rxd6+ {[%emt 0:00:01]} Kg7 {[%emt 0:00:34]} 63. Nxb6 {[%emt 0:00:03]} Rb8 {[%emt 0:00:26]} 64. Ng3 {[%emt 0:00:45]} f6 {[%emt 0:00:45]} 65. Nh5+ {[%emt 0:00:44]} Kh8 {[%emt 0:00:30]} 66. Nxf6 {[%emt 0:00:53]} Rcb7 {[%emt 0:00:28]} 67. Nfd5 {[%emt 0:00:39]} Kg7 {[%emt 0:00:20]} 68. g3 {[%emt 0:00:14]} Nc5 {[%emt 0:00:23]} 69. Rc6 {[%emt 0:00:20]} Nd3+ {[%emt 0:00:18]} 70. Ke2 {[%emt 0:00:01]} Ne5 {[%emt 0:00:15]} 71. Rd6 {[%emt 0:00:30]} Ra7 {[%emt 0:00:26]} 72. Kd2 {[%emt 0:01:27]} Nxf3+ {[%emt 0:00:10]} 73. Kc3 {[%emt 0:00:00]} Ne5 {[%emt 0:00:30]} 74. Kd4 {[%emt 0:00:23]} Nxg4 {[%emt 0:00:42]} 75. Kc5 {[%emt 0:00:18]} Ra1 {[%emt 0:00:42]} 76. Rd7+ {[%emt 0:00:37]} Kg6 {[%emt 0:00:22]} 77. Ne7+ {[%emt 0:00:16]} Kf6 {[%emt 0:01:00]} 78. Nbd5+ {[%emt 0:01:13]} Ke6 {[%emt 0:00:08]} 79. Rd6+ {[%emt 0:00:06]} Kf7 {[%emt 0:00:08]} 80. Nc6 {[%emt 0:01:13]} Rc1+ {[%emt 0:00:28]} 81. Kd4 {[%emt 0:00:22]} Rxb5 {[%emt 0:00:36]} 82. Ne5+ {[%emt 0:00:34]} Nxe5 {[%emt 0:00:19]} 83. Kxe5 {[%emt 0:00:01]} Rd1 {[%emt 0:01:29]} 84. e4 {[%emt 0:00:07]} h5 {[%emt 0:00:24]} 85. Kf5 {[%emt 0:00:35]} h4 {[%emt 0:00:42]} 86. Rf6+ {[%emt 0:00:43]} Kg7 {[%emt 0:00:20]} 87. Ke6 {[%emt 0:01:01]} Rbxd5 {[%emt 0:00:41]} 88. Rf7+ {[%emt 0:00:35]} Kg8 {[%emt 0:00:21]} 0-1

[Event "RUS-ch Girls U21 2021"]
[Site "Loo"]
[Date "2021.04.29"]
[Round "9.1"]
[White "Afonasieva, Anna"]
[Black "Shafigullina, Zarina"]
[Result "1-0"]
[WhiteElo "2270"]
[BlackElo "2293"]
[Annotator "NA"]
[PlyCount "109"]
[EventDate "2021.04.21"]
[EventType "swiss"]
[EventCountry "RUS"]
[SourceTitle "playchess.com"]
[Source "ChessBase"]
[SourceQuality "1"]
[TimeControl "40/5400+30:1800+30"]

1. e4 {[%emt 0:00:00]} c5 {[%emt 0:00:00]} 2. b4 {[%emt 0:00:00]} cxb4 {[%emt 0:00:07]} 3. a3 {[%emt 0:00:00]} bxa3 {[%emt 0:02:36]} 4. Nxa3 {[%emt 0:00:00]} Nc6 {[%emt 0:01:47]} 5. Nf3 {[%emt 0:01:09]} Nf6 {[%emt 0:02:03]} 6. e5 {[%emt 0:03:22]} Nd5 {[%emt 0:03:26]} 7. c4 {[%emt 0:03:11]} Nc7 {[%emt 0:00:52]} 8. d4 {[%emt 0:01:24]} d5 {[%emt 0:03:36]} 9. exd6 {[%emt 0:09:45]} Qxd6 {[%emt 0:00:10]} 10. c5 {[%emt 0:03:16]} Qd8 {[%emt 0:08:39]} 11. Bb5 {[%emt 0:11:54]} e6 {[%emt 0:10:19]} 12. O-O {[%emt 0:05:05]} Bd7 {[%emt 0:08:06]} 13. Bf4 {[%emt 0:05:04]} Be7 {[%emt 0:03:26]} 14. Bd3 {[%emt 0:02:53]} O-O {[%emt 0:06:40]} 15. Qb1 {[%emt 0:04:54]} h6 {[%emt 0:12:42]} 16. Qxb7 {[%emt 0:04:44]} Nd5 {[%emt 0:00:12]} 17. Bg3 {[%emt 0:00:29]} Ndb4 {[%emt 0:11:30]} 18. Be4 {[%emt 0:02:52]} a5 {[%emt 0:00:17]} 19. Ne5 {[%emt 0:08:07]} Ra7 {[%emt 0:04:36]} 20. Nxc6 {[%emt 0:01:40]} Nxc6 {[%emt 0:00:05]} 21. Qb6 {[%emt 0:00:43]} Qa8 {[%emt 0:01:27]} 22. Nc4 {[%emt 0:02:46]} f5 {[%emt 0:02:48]} 23. Bxc6 {[%emt 0:20:29]} Bxc6 {[%emt 0:00:03]} 24. Be5 {[%emt 0:02:53]} Bxg2 {[%emt 0:04:37]} 25. Qxe6+ {[%emt 0:01:28]} Kh7 {[%emt 0:00:08]} 26. f3 {[%emt 0:02:46]} Bxf1 {[%emt 0:00:37]} 27. Rxf1 {[%emt 0:00:03]} Qe8 {[%emt 0:01:21]} 28. Kh1 {[%emt 0:00:30]} Qf7 {[%emt 0:07:02]} 29. Qxf7 {[%emt 0:00:23]} Rxf7 {[%emt 0:00:02]} 30. c6 {[%emt 0:00:24]} Bf6 {[%emt 0:04:08]} 31. d5 {[%emt 0:00:34]} Bxe5 {[%emt 0:00:39]} 32. Nxe5 {[%emt 0:00:03]} Rfe7 {[%emt 0:00:10]} 33. f4 {[%emt 0:00:41]} a4 {[%emt 0:01:24]} 34. d6 {[%emt 0:00:17]} Re8 {[%emt 0:00:09]} 35. d7 {[%emt 0:01:20]} Rf8 {[%emt 0:00:21]} 36. Rc1 {[%emt 0:01:23]} Rc7 {[%emt 0:00:59]} 37. Ra1 {[%emt 0:00:43]} g5 {[%emt 0:00:42]} 38. Rxa4 {[%emt 0:00:14]} gxf4 {[%emt 0:00:05]} 39. Rd4 {[%emt 0:00:28]} Kg7 {[%emt 0:00:35]} 40. d8=Q {[%emt 0:00:00]} Rxd8 {[%emt 0:00:00]} 41. Rxd8 {[%emt 0:00:50]} Kf6 {[%emt 0:00:11]} 42. Nf3 {[%emt 0:03:41]} Rxc6 {[%emt 0:00:13]} 43. Rf8+ {[%emt 0:00:07]} Kg7 {[%emt 0:01:09]} 44. Rf7+ {[%emt 0:00:24]} Kg8 {[%emt 0:01:30]} 45. Rxf5 {[%emt 0:00:04]} Rc4 {[%emt 0:00:07]} 46. Kg2 {[%emt 0:00:06]} Ra4 {[%emt 0:00:43]} 47. Kh3 {[%emt 0:00:09]} Kg7 {[%emt 0:00:26]} 48. Kg4 {[%emt 0:00:14]} Ra2 {[%emt 0:01:33]} 49. Rxf4 {[%emt 0:00:33]} Ra5 {[%emt 0:00:13]} 50. Rb4 {[%emt 0:00:32]} Ra6 {[%emt 0:00:27]} 51. Rb7+ {[%emt 0:00:27]} Kf6 {[%emt 0:00:09]} 52. Kh5 {[%emt 0:01:41]} Kf5 {[%emt 0:00:17]} 53. Nh4+ {[%emt 0:01:05]} Kf4 {[%emt 0:00:15]} 54. Ng6+ {[%emt 0:00:15]} Kf3 {[%emt 0:00:08]} 55. h4 {[%emt 0:00:16]} 1-0